00395 2200157 4500245004500000020002200045250001000067100002200077650002000099005001900119260004100138041001400179084000800193300002700201336000900228 aGod, I Need YoucAhmad Rifai RifanhText a978-623-00-2516-7 aCet.1 aAhmad Rifai Rifan aMotivasi Islami a20241015103815 aJakartabElex Media Komputindoc2021 aIndonesia a297 axxi, 266 hlm. :c21 cm atext